| 000 | 00471cam a2200181ua 4500 | ||
|---|---|---|---|
| 020 |
_a0254 8305 _c250.00 |
||
| 041 |
_aeng _h |
||
| 082 |
_a631.5861 _bALA/DR |
||
| 100 | _aAlam singh, . | ||
| 245 |
_aDryland resources and technology / _cAlam singh. _hTextual Documents |
||
| 260 |
_aJodhpur : _bScientific Publishers , _c1985. |
||
| 300 | _a256 ; . | ||
| 365 | _a250.00 | ||
| 504 | _a | ||
| 700 | 1 | _aChoudhary, G R . | |
| 942 | _cBK | ||
| 999 |
_c2709 _d2709 |
||